Etudes sur l'histoire de l'indépendance de l'Amérique Latine
Αποθηκεύτηκε σε:
| Κύριοι συγγραφείς: | , , |
|---|---|
| Μορφή: | Βιβλίο |
| Γλώσσα: | Γαλλικά |
| Έκδοση: |
París
Nouvelles Editions Latines
1954
|
| Θέματα: | |
| Ετικέτες: |
Προσθήκη ετικέτας
Δεν υπάρχουν, Καταχωρήστε ετικέτα πρώτοι!
|
MARC
| LEADER | 00000nam a2200000 a 4500 | ||
|---|---|---|---|
| 001 | UCO2876 | ||
| 003 | CL-VaPUC | ||
| 008 | 000608e19540000FR |||||||||||||||||fre|d | ||
| 082 | 0 | 4 | |a 980.02 |b PAR |2 21 |
| 100 | |a Parra Pérez, Caraccido |e auteur |9 446579 | ||
| 700 | 0 | |a Cabrera, M |e author |9 446580 | |
| 700 | 0 | |a Ronze, R |e author |9 446581 | |
| 245 | 1 | 0 | |a Etudes sur l'histoire de l'indépendance de l'Amérique Latine |
| 300 | |a 187 p | ||
| 942 | |c BK | ||
| 945 | |d 20000608 00:00:00 |a rherrera | ||
| 260 | |a París |b Nouvelles Editions Latines |c 1954 | ||
| 600 | 0 | |a Bolívar, Simón |d 1783-1830 |9 265422 | |
| 600 | 0 | |a O'higgins Riquelme, Bernardo |9 317764 | |
| 600 | 0 | 7 | |a SAN MARTIN, JOSE DE |2 CL-VaPUC |9 446582 |
| 600 | 0 | 7 | |a ARTIGAS, JOSE GERVASIO |2 CL-VaPUC |9 446414 |
| 650 | 0 | |a Historia de américa siglo 19 |9 406763 | |
| 650 | 0 | |a Independencia Americana |9 395691 | |
| 651 | 0 | |a América Latina |9 255027 | |
| 651 | 0 | |a México |9 255269 | |
| 651 | 0 | |a Brasil |9 267393 | |
| 583 | |a last modification |c 20160829 01:46:07 |k Rodrigo Vera | ||
| 999 | |c 289368 |d 289366 | ||
| 952 | |0 0 |1 0 |4 0 |6 980_020000000000000_PAR_1954 |7 0 |8 A |9 337703 |a BIBHIS |b BIBHIS |d 2019-11-20 |i 1288539 |o 980.02 PAR 1954 |p 1288539 |r 2025-01-20 |w 2019-11-20 |y BK |k HIS | ||
| 952 | |0 0 |1 0 |4 0 |6 980_020000000000000_PAR_1954 |7 0 |8 A |9 337704 |a BIBHIS |b BIBHIS |d 2019-11-20 |i 1288547 |o 980.02 PAR 1954 |p 1288547 |r 2025-01-20 |w 2019-11-20 |y BK |k HIS | ||